Marxismo y política: la dualidad de poderes y otros ensayos

Сохранить в:
Библиографические подробности
Главный автор: Coutinho, Carlos Nelson (Автор)
Формат:
Язык:испанский
Опубликовано: Santiago LOM 2011
Редактирование:1a. ed
Серии:Colección Ciencias Humanas
Предметы:
Метки: Добавить метку
Нет меток, Требуется 1-ая метка записи!

MARC

LEADER 00000cam a2200000 a 4500
001 UCF1791
003 CL-VaPUC
008 120727e20110000CL |||||||||||||||||spa|d
020 |a 9789560002648 
082 0 4 |a 335.4  |b COU  |2 21 
100 0 |a Coutinho, Carlos Nelson  |e author  |9 563279 
245 1 0 |a Marxismo y política: la dualidad de poderes y otros ensayos 
250 |a 1a. ed 
300 |a 137 p 
942 |c BK 
945 |d 20120727 00:00:00  |a cmena 
260 |a Santiago  |b LOM  |c 2011 
650 7 |a MARXISMO  |2 CL-VaPUC  |9 563280 
650 7 |a FILOSOFIA POLITICA  |2 CL-VaPUC  |9 563281 
650 0 |a Poder político  |9 255509 
583 |a last modification  |c 20120727 13:37:00  |k Rodrigo Vera 
490 0 |a Colección Ciencias Humanas 
999 |c 348479  |d 348477 
952 |0 0  |1 0  |4 0  |6 335_400000000000000_COU_2011  |7 0  |8 A  |9 450504  |a BIBING  |b BIBING  |d 2019-11-22  |i 487126K  |o 335.4 COU 2011  |p 487126K  |r 2025-01-20  |w 2019-11-22  |y BK  |k CUI 
952 |0 0  |1 0  |3 erb  |4 0  |6 335_400000000000000_COU_2011  |7 0  |8 A  |9 450505  |a BIBEDU  |b BIBEDU  |i 5367425  |o 335.4 COU 2011  |p 5367425  |r 2019-11-22  |w 2019-11-22  |y BK  |z Catalogado en:20170317  |k FIL